000 00341nam a2200133Ia 4500
008 240624s9999 xx 000 0 und d
041 _aeng
082 _a828 VIS
100 _aVISE DAVID A
245 _aGOOGLE STORY INSIDE THE HOTTEST BUSINESS
260 _c2006
_aNew York
_bpanmacmillan
300 _a336 , p. , 25 , cm.
365 _cBPS
_b15
999 _c7807
_d7807